Poder política y clases sociales en el estado capitalista /
Saved in:
| Format: | Book |
|---|---|
| Published: |
México D. F. :
Siglo XXI,
1972.
|
| Edition: | 4a ed. |
| LEADER | 00392nam a22001217a 4500 | ||
|---|---|---|---|
| 003 | AR-BeUNQ | ||
| 005 | 20250218155750.0 | ||
| 999 | |c 39303 |d 123103 | ||
| 245 | |a Poder política y clases sociales en el estado capitalista / |c Nico Poulantzas. | ||
| 250 | |a 4a ed. | ||
| 260 | |a México D. F. : |b Siglo XXI, |c 1972. | ||
| 929 | |a DONACION |b II Gino Germani |e 20241108 |f PAT0082993 |g 3772 |l Caja 29 carga mínima |o PR | ||
| 942 | |c LIB | ||